00419nam a2200157Ia 450000100060000000800410000602000180004704000130006508200210007810000230009924500610012225000080018326000510019130000120024254600070025419580140408s9999 xx 000 0 und d a0-13-185539-5 cPK-LaUMT a 621.3815bHOR-M aMark N. Horenstein aMicroelectronic circuits and devicescMark N. Horenstein a2nd aLondon,UK:bPrentice-Hall International,c1996 a1126 p. aEN